000 00625nam a2200217 i 4500
001 C2-0223899
003 PPAK
005 20180728152618.0
008 000309s my a|||| ||||| | may d
040 _aPPAK
_beng
_cPPAK
_erda
082 0 4 _a371.805
_223
090 0 0 _a371.805
_bDEW
_dR
245 0 0 _aDewan Siswa
_bwadah pelajar menengah dan remaja
264 1 _aKuala Lumpur :
_bDewan Bahasa dan Pustaka ,
_cJan-Dis 1997
300 _avarious pages :
_bcolour illustrations
336 _2rdacontent
_atext
337 _2rdamedia
_aunmediated
338 _2rdacarrier
_avolume
650 1 0 _aPeriodicals
942 _ddc
_cB
999 _c144941
_d144941